| 000 | 00892nam a2200217 a 4500 | ||
|---|---|---|---|
| 003 | 0 | ||
| 005 | 20250324135715.0 | ||
| 008 | 060729s19uu xx 00 eng d | ||
| 050 |
_aPGS ML 3928.R63.B44 _b.As843 2006 |
||
| 100 | _aAsprec, Emmanuel Romagn M. | ||
| 245 |
_aThe effect of rock music on the behavior of grade six students of Southville International School and Colleges / _cEmmanuel Romagn M. Asprec. |
||
| 260 |
_aLas PiƱas City, Philippines : _bSouthville International School and Colleges, _c2006. |
||
| 300 |
_a52 pages : _billustrations ; _c28 cm. |
||
| 504 | _aIncludes bibliographical references. | ||
| 650 |
_aRock music _vPsychological aspects. |
||
| 650 |
_aMusic and youth _vBehavioral aspects. |
||
| 650 |
_aMusic _vSocial aspects. |
||
| 650 |
_aStudent behavior _vInfluence of music. |
||
| 650 |
_aMusic and education _vElementary students. |
||
| 942 |
_cPASS _2lcc |
||
| 999 |
_c97455 _d97455 |
||